LEADER 00743nam0-22002771i-450- 001 990001736450403321 005 20070529150503.0 035 $a000173645 035 $aFED01000173645 035 $a(Aleph)000173645FED01 035 $a000173645 100 $a20030910d1889----km-y0itay50------ba 101 0 $aita 200 1 $a<>produits odorants des rosiers$fR. Blondel 210 $aParis$cO. Doin$d1889 215 $a163 p.$d25 cm 610 0 $aProfumi 676 $a668.5 700 1$aBlondel,$bRaoul$f<1864- >$075218 801 0$aIT$bUNINA$gRICA$2UNIMARC 901 $aBK 912 $a990001736450403321 952 $a60 668.5 B 1$b3371$fFAGBC 959 $aFAGBC 996 $aProduits odorants des rosiers$9364752 997 $aUNINA LEADER 01093nam a2200253 i 4500 001 991000381119707536 005 20020506125836.0 008 951020s1982 be ||| | fre 020 $a2800407921 035 $ab10691996-39ule_inst 035 $aEXGIL144552$9ExL 040 $aBiblioteca Interfacoltà$bita 100 1 $aCrahay, Roland$0470641 245 13$aLa tolérance civile :$bColloque international organisé à l'Université de Mons du 2 au 4 septembre 1981 ... :$bactes /$cpubliés par Roland Crahay 260 $aBruxelles :$bUniversité de Bruxelles,$c1982 300 $a258 p. ;$c24 cm. 500 $aIn testa al front. : Université libre de Bruxelles. - Corrisponde a : Etudes sur le 18. siècle ; vol. hors série 1. 650 4$aTolleranza religiosa$xCongressi$y1981 907 $a.b10691996$b02-04-14$c28-06-02 912 $a991000381119707536 945 $aLE002 Con. 372$g1$iLE002-17905N$lle002$o-$pE0.00$q-$rl$s- $t0$u0$v0$w0$x0$y.i10786156$z28-06-02 996 $aTolérance civile$9908413 997 $aUNISALENTO 998 $ale002$b01-01-95$cm$da $e-$ffre$gbe $h3$i1